Mestská logistika je kompromisom nárokov a očakávaní

Bez ohľadu na to, či tovar putuje k adresátovi cez pol sveta, ten najťažší av neposlednom rade najdrahší úsek je vždy na konci cesty. Takzvaná posledná míľa je v logistike obávanou disciplínou, ktorú najmä v spleti mestských uličiek komplikuje množstvo prekážok. Umenie obsluhy mesta sa stáva čoraz v...

Celý popis

Uložené v:
Podrobná bibliografia
Hlavný autor: Maťo, Vladimír
Médium: Kapitola
Jazyk:Slovak
Predmet:
Tagy: Pridať tag
Žiadne tagy, Buďte prvý, kto otaguje tento záznam!

MARC

LEADER 00000naa a2200000 4500
001 0305523
005 20241209122114.6
041 0 |a slo 
044 |a SK 
245 1 0 |a Mestská logistika je kompromisom nárokov a očakávaní  |c Vladimír Maťo 
520 |a Bez ohľadu na to, či tovar putuje k adresátovi cez pol sveta, ten najťažší av neposlednom rade najdrahší úsek je vždy na konci cesty. Takzvaná posledná míľa je v logistike obávanou disciplínou, ktorú najmä v spleti mestských uličiek komplikuje množstvo prekážok. Umenie obsluhy mesta sa stáva čoraz významnejším, avšak zvládnuť ho znamená nájs´t kompromis medzi často protichodnými požiadavkami zúčastnených strán. 
610 2 0 |a logistika 
610 2 0 |a mestá 
610 2 0 |a doprava 
100 1 |a Maťo, Vladimír